Estadísticas para Emiratos de los Emiratos Árabes Unidos

Haz click aquí para intentar la prueba.

Estadísticas generales

  • Esta prueba ha sido intentada 519 veces
  • La puntuación promedio es 3 de 7

Respuestas en el mapa

Las respuestas están codificadas por una escala verde-roja en el mapa de la prueba según el % correcto abajo.
 

Estadísticas de respuestas

PoblaciónEmirato% Correcto
2,270,128Dubái
97%
2,656,448Abu Dabi
87%
1,050,000Sarja
35%
413,000Ras al-Jaima
33%
263,000Ajmán
32%
202,667Fuyaira
32%
65,000Umm al-Qaywayn
30%

Distribución de puntuación

Porcentaje por número respondido

Porcentaje de gente con cada puntuación

Historial de tus puntuaciones

No has intentado esta prueba.